[Event "FIDE Zone 3.4 Women-ch 2017"]
[Site "Tashkent"]
[Date "2017.06.19"]
[Round "4.3"]
[White "Baymuratova, Sevara"]
[Black "Ovezdurdiyeva, Jemal"]
[Result "1-0"]
[WhiteElo "2118"]
[BlackElo "2022"]
[Annotator "TA"]
[PlyCount "115"]
[EventDate "2017.??.??"]
[EventType "tourn"]
[EventCountry "UZB"]
[SourceTitle "playchess.com"]
[Source "ChessBase"]
[SourceQuality "1"]

{[%evp 26,115,17,16,41,0,0,0,0,0,0,0,0,0,32,24,45,43,72,73,72,71,97,104,195,13,105,111,110,99,150,147,151,144,163,139,139,107,193,113,133,97,156,131,187,130,126,116,222,230,264,255,700,700,694,693,685,685,915,922,915,841,4994,1093,12837,1422,12841,1664,1234,1180,1100,1059,12840,773,12835,12835,12834,12834,12826,10779,2266,1286,12841,12841,12841,12469,29988,29989,29989,29987,29987,29988]} 1. d4 Nf6 2. c4 g6 3. Nc3 Bg7 4. e4 d6 5. Be2 O-O 6. Nf3 e5 7. O-O exd4 8. Nxd4 Re8 9. f3 Nc6 10. Be3 Nh5 {[%cal Bf6h5,Bh5f4,Bf4e2][%mdl 32]} 11. Qd2 Nf4 12. Nxc6 Nxe2+ 13. Nxe2 bxc6 14. Bd4 {LiveBook: 28 Games. E94: King's Indian: Classical: 6 Be2 e5 7 0-0: Various Black 7th moves} f6 {[#]} 15. Bc3 $146 ({Predecessor:} 15. Rad1 Ba6 16. b3 d5 17. Qa5 Qc8 18. Qc3 c5 19. Bxc5 dxe4 20. fxe4 Rxe4 21. Qd3 Bb7 22. Nc3 Re5 23. Nd5 Bxd5 24. cxd5 Qd7 25. Qc4 Qf7 26. Bf2 f5 {½-½ (26) Shariyazdanov,A (2583)-Bologan,V (2661) Moscow 2006}) 15... Ba6 16. b3 {The position is equal.} d5 17. Rfd1 dxc4 18. Qb2 Qe7 19. b4 c5 {next ...cxb4 is good for Black.} 20. Qa3 Bb7 21. bxc5 f5 22. Bxg7 Qxg7 23. Qb4 Ba6 24. Qa4 Qf6 {[#]} (24... Qb2 $16 {was worth a try.}) 25. c6 $2 ({White has to play} 25. Nf4 $1 $18 {[%cal Rf4d5] And now Nd5 would win.} Bb7 26. Qxc4+ Kh8 27. Rab1 fxe4 28. Rxb7 Qxf4 29. Qc3+ Qe5 30. Qxe5+ Rxe5 31. Rxc7) 25... Bc8 (25... Qb2 $11 {keeps the balance.}) 26. Qxc4+ $16 Be6 27. Qc3 Qg5 (27... Qxc3 $142 28. Nxc3 fxe4) 28. exf5 Bxf5 29. Ng3 Re7 30. Nxf5 Qxf5 31. Re1 Rf7 (31... Rae8 $16) 32. Re5 (32. Rad1 $18) 32... Qf6 33. Rae1 Raf8 (33... Kg7 $142 34. h3 Rd8) 34. Qc4 Kg7 (34... Rd8 $16 35. Rd5 Kg7 36. Rxd8 Qxd8 37. Qc3+ Rf6) 35. h3 ({White should try} 35. Re6 $18 Qg5 36. Qd4+ Kg8 37. Qc4 (37. Qxa7 Rxf3 38. Re8 R3f7 $16)) 35... Rd8 36. Rd5 $36 {[%mdl 2048] White is in control.} Rdf8 (36... Rxd5 $16 {was necessary.} 37. Qxd5 Re7 38. Rxe7+ Qxe7) 37. Rd7 $18 Rxd7 38. cxd7 {[%mdl 4096] [#] Endgame Re8 is the strong threat. KQR-KQR} Qd6 $2 (38... Rd8 39. Qa4 (39. Qxc7 Qd4+ 40. Kh2 Rxd7 $16) 39... c5) 39. Qc3+ Kg8 40. Qb3+ Kg7 41. Rd1 Qc5+ 42. Kh1 Rd8 43. Qe6 h5 44. f4 (44. Qe8 $142 Qf8 45. Re1 Rxe8 46. dxe8=Q Qxe8 47. Rxe8) 44... a5 45. a4 (45. Qe8 $142 Qf8 46. Re1 Rxe8 47. dxe8=Q Qxe8 48. Rxe8) 45... h4 46. Kh2 (46. Qe8 $142 Qf8 47. Re1 Qxe8 48. dxe8=Q Rxe8 49. Rxe8) 46... Qf8 47. Qe5+ Qf6 48. Qxc7 Kf7 49. Qc4+ (49. Re1 $142 Qh8 50. Qc4+ Kg7 51. Qd4+ Kh7 52. Re7+ Kh6 53. Qxh8+ Rxh8 54. Re8) 49... Ke7 50. Qc5+ Kf7 51. Qxa5 Qxf4+ 52. Kh1 Qf6 53. Qd5+ Ke7 54. Re1+ Kf8 55. a5 Qf2 56. Qd6+ {White mates.} Kg7 57. Qe7+ Kh6 58. Re4 {Precision: White = 50%, Black = 27%.} 1-0

[Event "FIDE Zone 3.4 Women-ch 2017"]
[Site "Tashkent"]
[Date "2017.06.19"]
[Round "4.4"]
[White "Abdusattorova Bakhora"]
[Black "Hallaeva Bahar"]
[Result "1-0"]
[WhiteElo "2204"]
[BlackElo "2072"]
[Annotator "TA"]
[PlyCount "139"]
[EventDate "2017.??.??"]
[EventType "tourn"]
[EventCountry "UZB"]
[SourceTitle "playchess.com"]
[Source "ChessBase"]
[SourceQuality "1"]

{[%evp 12,139,27,22,39,40,37,40,48,39,45,28,39,16,20,0,33,24,33,20,15,13,23,16,32,22,41,35,51,33,42,26,53,77,78,33,67,56,52,0,50,31,57,51,43,50,72,24,36,22,38,10,31,24,185,178,292,220,206,168,464,289,600,419,637,443,471,158,145,115,150,143,167,143,143,143,143,143,143,143,143,143,143,143,196,43,39,0,0,0,0,0,0,0,88,88,88,88,88,88,137,137,137,137,137,137,102,8,2030,1796,2055,1493,3190,3185,2340,2278,1965,1990,2197,1788,29956,29947,5193,5097,6203,5488,29981,29982,29981,29983]} 1. e4 e5 2. Nf3 Nc6 3. Bb5 Nf6 4. d3 d6 5. c3 Be7 6. Nbd2 O-O 7. O-O Re8 {C65: Ruy Lopez: Berlin Defence (3...Nf6), unusual lines and 4 0-0 Bc5} 8. Re1 a6 9. Ba4 b5 {White is slightly better.} (9... Bf8 10. h3 h6 11. d4 b5 12. Bc2 Bb7 13. a4 exd4 14. cxd4 Nb4 15. Bb1 c5 16. d5 Nd7 17. Ra3 c4 18. axb5 axb5 19. Nd4 Rxa3 20. bxa3 Nd3 21. Bxd3 cxd3 22. Bb2 Nc5 23. Bc3 Qb6 24. Re3 Bc8 25. N4b3 Qa6 26. Bb4 Qa4 27. Qb1 f5 28. exf5 Rxe3 29. fxe3 Bxf5 30. Nd4 Bd7 31. N4f3 Bf5 {½-½ (31) Yu,Y (2750)-Harikrishna,P (2758) Shenzhen 2017}) 10. Bc2 Bf8 11. Nf1 h6 12. h3 d5 13. Qe2 dxe4 $146 ({Predecessor:} 13... Be6 14. Ng3 Qd7 15. a4 b4 16. a5 Qd6 17. Ba4 Bd7 18. Bd2 Rab8 19. Rec1 bxc3 20. Bxc3 {1-0 (47) Soumya,S (2345)-Galojan,L (2295) Moscow 2016}) 14. dxe4 Be6 15. b3 Qc8 16. Ng3 Qb7 17. Be3 Rad8 18. Bd3 Nd7 19. a4 {[%cal Ra4b5]} Rb8 20. axb5 axb5 21. b4 Ne7 22. Ra7 Qc6 23. Rea1 Nc8 24. R7a6 Qb7 25. Nh2 ({White should try} 25. Nh4 $14) 25... c6 26. Ng4 Qc7 27. Nh5 $36 {[%mdl 2048] White is more active.} Rd8 28. f4 f6 29. fxe5 Nxe5 {Hoping for ...Bxg4.} 30. Nxe5 fxe5 31. Rf1 Qd7 32. Bb1 Qe8 $2 (32... Nd6 $11 {and Black is okay.}) 33. Bxh6 $1 $18 Kh7 (33... Rb7 {might work better.} 34. Bg5 Be7) 34. Bg5 Rd6 35. Qf3 Be7 $2 (35... Nb6 {was worth a try.} 36. Ng3 (36. Rxb6 Rxb6 37. Be3 Rb8 $11) 36... Kg8) 36. Bxe7 Nxe7 $2 (36... Qxe7 37. Ng3 Qe8) 37. Ra7 {Nxg7! is the strong threat.} Rd7 (37... Bd7 $142 38. Ba2 Qg6 39. Nxg7 Kxg7 40. Qf7+ Qxf7 41. Rxf7+ Kg6 42. Rxe7 Rd8 43. Rxe5 Rd1+ 44. Kf2 Rd2+ 45. Kg3 Rd3+ 46. Kh2 Rxc3) 38. Rxd7 Qxd7 {[#]} 39. Ng3 $2 (39. Nxg7 $1 $18 {[%mdl 512] and the rest is easy.} Bc4 (39... Kxg7 40. Qf6+) 40. Nh5) 39... Kg8 $16 40. Qe3 Qc7 41. Qg5 Rf8 42. Nh5 {[%csl Gh5][%cal Rg5g7]} Rxf1+ 43. Kxf1 {[%csl Gh5][%cal Rg5g7]} Nc8 44. Nf6+ Kf8 45. Ng4 Bxg4 46. Qxg4 ({Much less strong is} 46. hxg4 Qd6 $14) 46... Nb6 47. Ba2 {And now Qf5+ would win.} Qe7 (47... Qd7 $16 {keeps fighting.}) 48. Qh5 $2 (48. Qg6 $18) 48... Qf6+ $14 49. Ke2 Na4 50. Bb3 Nxc3+ 51. Kd3 Na4 52. Qf5 Nb6 (52... Qxf5 $11 53. exf5 Ke7) 53. Qxf6+ $16 gxf6 {[%mdl 4096] Endgame KB-KN} 54. h4 Kg7 55. Ke3 Kg6 56. Be6 Kh5 57. g3 Kg6 58. Kf3 Kg7 59. Kg4 (59. Bf5 $16) 59... Kg6 $2 {[%mdl 8192] [#]} (59... Na4 $11) 60. h5+ $1 $18 {[%cal Bh4h5,Bh5h6][%mdl 32]} Kg7 61. Kf5 Nc4 {[#]} 62. h6+ $1 {[%mdl 512]} Kxh6 63. Kxf6 Nd2 64. Kxe5 Kg5 65. Bd7 c5 66. bxc5 b4 67. Be6 {Threatening mate with c6.} b3 68. c6 {c7 would kill now.} Nf3+ 69. Kd6 Nd4 {[#]} 70. Bxb3 $1 {[%mdl 512] Precision: White = 60%, Black = 43%.} 1-0

[Event "FIDE Zone 3.4 Women-ch 2017"]
[Site "Tashkent"]
[Date "2017.06.19"]
[Round "4.5"]
[White "Bauyrzhan Arnash"]
[Black "Geldiyeva Mahri"]
[Result "1/2-1/2"]
[WhiteElo "1987"]
[BlackElo "2151"]
[Annotator "TA"]
[PlyCount "87"]
[EventDate "2017.??.??"]
[EventType "tourn"]
[EventCountry "UZB"]
[SourceTitle "playchess.com"]
[Source "ChessBase"]
[SourceQuality "1"]

{[%evp 11,87,10,23,9,36,0,7,0,37,0,58,0,76,81,80,39,43,37,52,44,45,45,43,33,38,30,33,-8,0,-5,0,8,14,-4,0,-14,32,-29,-29,-28,-34,-38,-41,-35,0,0,0,0,26,25,68,43,59,0,21,20,17,22,25,28,81,79,91,77,117,109,105,90,154,0,110,0,153,0,93,0,152,0]} 1. e4 e5 2. Nf3 Nc6 3. Bc4 Bc5 4. O-O Nf6 5. d3 d6 6. h3 Be6 {LiveBook: 8 Games} 7. Nbd2 {C50: Hungarian Defence and Giuoco Pianissimo} (7. Bxe6 fxe6 8. c3 O-O 9. b4 Bb6 10. Nbd2 Nh5 11. Nc4 Qf6 12. a4 d5 13. Nxb6 axb6 14. b5 dxe4 15. Ng5 Qg6 16. bxc6 exd3 17. cxb7 Rad8 18. Nxe6 Qxe6 19. Qxh5 d2 20. Ba3 Rf5 21. Qe2 Qd5 22. Rad1 {1-0 (22) Lanc,A (2399)-Pacher,M (2399) Slovakia 2010}) 7... Qd7 8. Bxe6 Qxe6 $146 ({Predecessor:} 8... fxe6 9. Nb3 Bb6 10. a4 Nd4 11. Nfxd4 Bxd4 12. c3 Bc5 13. Nxc5 dxc5 14. Be3 Qd6 {1-0 (66) Blechova,L (1422)-Valterova,V (1291) Kouty nad Desnou 2011}) 9. Re1 {The position is equal.} h6 10. Nf1 g5 ({Black should play} 10... O-O-O $11) 11. c3 $1 $14 Bb6 (11... g4 $11 12. hxg4 Qxg4) 12. d4 $16 {[#] Threatens to win with d5.} Ne7 13. dxe5 dxe5 14. Qb3 Qxb3 15. axb3 Nd7 16. Be3 f6 17. Bxb6 Nxb6 18. Red1 a6 19. c4 h5 20. Ne3 Nd7 21. b4 O-O-O 22. Nd5 Nxd5 23. exd5 Rh7 24. c5 (24. g3 $14) 24... Nb8 $11 {And now ...Rhd7 would win.} 25. Rd2 g4 26. Nh4 Nc6 {Hoping for ...Nd4.} 27. b5 Nb4 28. bxa6 bxa6 29. Rad1 Rhd7 {[%cal Rd7d5]} 30. Nf5 Kb8 {[%cal Rd7d5]} 31. d6 cxd6 32. Rxd6 (32. hxg4 $14 hxg4 33. cxd6 (33. Rxd6 Kc7 $11)) 32... Kc7 33. Ng7 Rxd6 34. cxd6+ {[%mdl 4096] Endgame KRN-KRN} Kc6 35. Nxh5 Nd5 (35... gxh3 $11 {keeps the balance.} 36. Nxf6 Rxd6 37. Rxd6+ Kxd6) 36. hxg4 $16 Rxd6 37. Ng3 Rd8 38. Ne4 {[#] Strongly threatening Nxf6!} Rb8 39. Rc1+ Kb6 (39... Kd7 $142) 40. Rd1 Kc6 41. Rc1+ Kb6 42. Rd1 (42. g3 $142) 42... Kc6 43. Rc1+ (43. Rd2 $142) 43... Kb6 44. Rd1 $2 {Precision: White = 50%, Black = 51%.} ({Better is} 44. g3 $16) 1/2-1/2

[Event "FIDE Zone 3.4 Women-ch 2017"]
[Site "Tashkent"]
[Date "2017.06.20"]
[Round "5.1"]
[White "Tokhirjonova, Gulrukhbegim"]
[Black "Abdusattorova, Bakhora"]
[Result "1-0"]
[WhiteElo "2293"]
[BlackElo "2204"]
[Annotator "TA"]
[PlyCount "87"]
[EventDate "2017.??.??"]
[EventType "tourn"]
[EventCountry "UZB"]
[SourceTitle "playchess.com"]
[Source "ChessBase"]
[SourceQuality "1"]

{[%evp 15,87,9,16,6,14,-17,20,20,20,20,30,19,52,50,78,79,81,68,181,175,310,285,285,300,389,372,393,211,217,207,259,262,312,289,314,315,323,318,289,231,302,273,295,269,360,356,429,331,352,351,325,264,324,320,970,459,699,533,1425,1363,2202,1135,29977,29978,29981,29982,29984,29985,29990,29991,29994,29995,29995,495]} 1. e4 e5 2. Nf3 Nc6 3. Bb5 a6 4. Ba4 Nf6 5. d3 d6 6. c4 {[%cal Bc2c4,Bc4d5][%mdl 32]} g6 7. Nc3 Bg7 8. Nd5 {C77: Ruy Lopez: 3...a6 4 Ba4 Nf6, unusual lines} h6 {LiveBook: 5 Games} (8... Nd7 9. Bg5 f6 10. Be3 O-O 11. O-O Kh8 12. Re1 Rf7 13. h3 Nc5 14. Bxc5 dxc5 15. Bxc6 bxc6 {1-0 (74) Filippov,A (2582)-Buhmann,R (2640) Baku 2016}) 9. h3 O-O 10. Be3 $146 {The position is equal.} ({Predecessor:} 10. Nxf6+ Qxf6 11. Bxc6 bxc6 12. Nh2 Qe7 13. Qa4 Bd7 14. Qa5 Be6 15. Be3 f5 {½-½ (77) Duras,O-Leonhardt,P Gothenburg 1909}) 10... Nxd5 11. cxd5 Ne7 12. Rc1 Bd7 13. O-O b5 14. Bc2 f5 15. d4 f4 16. Bd2 {[%cal Be3d2,Bd2a5,Ba5b4][%mdl 32] Threatens to win with dxe5.} g5 ({Black should try} 16... exd4 $14 17. Ba5 g5) 17. dxe5 $18 {And now Ba5 would win.} dxe5 (17... g4 {was worth a try.}) 18. Bb3 {[#] Strongly threatening d6+.} Kh7 19. Ba5 Ng6 20. Rxc7 Rc8 21. Rxc8 (21. d6 $142) 21... Qxc8 22. Bb4 Rf6 23. Qc1 Qd8 24. Qc3 g4 25. hxg4 ({Stronger than} 25. Nxe5 Rb6 $15) 25... Bxg4 26. Nh2 ({Worse is} 26. Nxe5 Rb6 $11) 26... Bd7 27. Bd1 Nh4 {Black hopes to continue with ...Rg6.} 28. Bh5 Bf8 29. Rc1 Bxb4 30. Qxb4 Kh8 31. Nf3 Nxf3+ 32. Bxf3 ({Not} 32. gxf3 a5 $18) 32... Rg6 33. Kf1 a5 34. Qc3 Qe8 $2 (34... Rg5 35. Qc5 Qb8) 35. Qxa5 (35. Bh5 $142) 35... Bg4 (35... Rg8 $142 36. Rc7 h5) 36. Qc7 {[#] Bxg4 is the strong threat.} Bxf3 37. gxf3 {[%mdl 4096] Endgame KQR-KQR} Rg8 38. Rc6 {[%cal Rc6h6]} Qh5 39. Ke2 {White mates.} Rg7 40. Qd8+ Kh7 41. Rc8 Kg6 42. Qe8+ Rf7 43. Qg8+ Kf6 44. Rc6+ {Precision: White = 61%, Black = 18%.} 1-0

[Event "FIDE Zone 3.4 Women-ch 2017"]
[Site "Tashkent"]
[Date "2017.06.20"]
[Round "5.2"]
[White "Kurbonboeva, Sarvinoz"]
[Black "Saduakassova, Dinara"]
[Result "0-1"]
[WhiteElo "2209"]
[BlackElo "2440"]
[Annotator "TA"]
[PlyCount "108"]
[EventDate "2017.??.??"]
[EventType "tourn"]
[EventCountry "UZB"]
[SourceTitle "playchess.com"]
[Source "ChessBase"]
[SourceQuality "1"]

{[%evp 10,108,10,10,11,14,8,-31,-41,-14,-29,-36,0,0,0,0,0,0,0,-40,9,-116,-116,-116,-116,-116,-116,-116,-116,-115,-116,-116,-105,-114,-116,-139,-121,-152,-174,-177,0,-126,-126,-126,-120,-120,-120,-184,-175,-206,-195,-419,-400,-400,-410,-404,-402,-409,-409,-414,-402,-402,-397,-501,-458,-1277,-1225,-1345,-1242,-1220,-1165,-1338,-1165,-952,-716,-1797,-1609,-2025,-1931,-1842,-1659,-1784,-2656,-5277,-2362,-12838,-12837,-12839,-12839,-12841,-11568,-12841,-12841,-12841,-12842,-12842,-12843,-12843,-12843,-6528,-9125]} 1. d4 Nf6 2. c4 e6 3. g3 d5 4. Bg2 dxc4 5. Qa4+ Bd7 6. Qxc4 {LiveBook: 56 Games. E02: Open Catalan: 5 Qa4+} c5 7. Bxb7 $146 ({Predecessor:} 7. dxc5 Bc6 8. Bxc6+ Nxc6 9. Nc3 Nd4 10. Qd3 Bxc5 {½-½ (10) Markus,R (2635)-Georgiev,V (2574) Skopje 2011}) 7... Nc6 $1 {[%cal Rc6a5] [#] ...Na5 is the strong threat.} 8. Bxa8 {The position is equal.} Qxa8 9. f3 Nxd4 10. Na3 h5 {[%mdl 1024] Black has compensation.} 11. Nh3 h4 12. Nf2 Qb8 13. Rb1 Nd5 14. Kf1 Nf5 15. Bf4 (15. Qb3 $1 $11 Qxb3 16. axb3) 15... Nxf4 $17 16. Qxf4 Bd6 17. Qd2 hxg3 18. hxg3 Nxg3+ 19. Kg2 Nxh1 20. Rxh1 Rxh1 21. Kxh1 Bc6 22. Nc4 Bg3 23. Nh3 Bd5 24. Ne3 Bc6 $2 (24... Bxa2 $19 {aiming for ...Qb3.} 25. b4 Bb1 26. bxc5 Qb5) 25. Qc3 (25. Nc4 $1 $11 {was the only way to keep the balance.}) 25... Qe5 $36 {[%mdl 2048] White is under strong pressure.} 26. Qxe5 Bxe5 {[%mdl 4096] Endgame KBB-KNN} 27. Nc4 Bd4 28. Nf4 (28. Kg2 $17) 28... e5 29. Nd3 e4 30. Nd6+ $2 (30. Nde5 {is a better defense.} exf3 31. Nxf3) 30... Ke7 $19 31. Nxe4 Bxe4 32. fxe4 {If only White now had time for b3.... KB-KN} c4 {[%cal Bc5c4,Bc4c3][%mdl 32]} 33. Nb4 {[#] Threatens to win with Nc6+.} Bxb2 34. Kg2 Kf6 35. Kf3 Kg5 36. Nc2 Be5 {Black is clearly winning.} 37. Ne3 (37. a4 $142 Kh5 38. Ke3) 37... c3 38. Nc2 Kh4 39. Kg2 Kg4 40. e3 Bc7 41. Ne1 Bb6 42. Kf2 g5 {[%cal Bg7g5,Bg5g4][%mdl 32]} 43. Ke2 Kg3 44. Nd3 g4 45. Ne5 f6 46. Nd7 Bd8 (46... Kh3 $142 47. Nxf6 g3) 47. e5 fxe5 48. Nxe5 Bc7 49. Nc6 Kh2 50. Kd3 g3 51. Nd4 g2 52. Nf3+ Kg3 53. Ng1 Be5 54. a4 Kf2 {Precision: White = 33%, Black = 82%.} 0-1

[Event "FIDE Zone 3.4 Women-ch 2017"]
[Site "Tashkent"]
[Date "2017.06.20"]
[Round "5.3"]
[White "Velieva, Hurma"]
[Black "Baymuratova, Sevara"]
[Result "0-1"]
[WhiteElo "2005"]
[BlackElo "2118"]
[Annotator "TA"]
[PlyCount "101"]
[EventDate "2017.??.??"]
[EventType "tourn"]
[EventCountry "UZB"]
[SourceTitle "playchess.com"]
[Source "ChessBase"]
[SourceQuality "1"]

{[%evp 19,101,45,46,51,102,11,23,0,36,-14,0,0,0,0,0,0,0,-35,-32,-40,-45,-45,-50,-57,-57,-63,-26,-31,0,-20,0,-23,0,-45,-39,-43,-48,-81,-74,-100,-93,-98,-80,-93,-83,-155,-156,-162,-160,-164,-163,-155,-160,-162,-162,-260,-249,-479,-481,-464,-466,-495,-486,-601,-587,-643,-639,-632,-627,-615,-607,-733,-729,-720,-712,-833,-832,-825,-807,-1081,-1058,-1361,-1339,-29989]} 1. e4 c5 2. Nf3 Nc6 3. d4 cxd4 4. Nxd4 Nf6 5. Nc3 d6 6. Bg5 e6 7. Qd2 a6 8. O-O-O Qc7 9. f4 {[%cal Bf2f4,Bf4f5][%mdl 32]} Be7 10. Bxf6 gxf6 {LiveBook: 14 Games} 11. f5 {B66: Sicilian: Richter-Rauzer: 7...a6 8 0-0-0 h6} h5 (11... Nxd4 $14 12. Qxd4 Bd7) 12. Qf2 $146 ({White should try} 12. Nde2 $16) ({Predecessor:} 12. g3 Nxd4 13. Qxd4 Bd7 14. Bc4 O-O-O 15. Bb3 Kb8 16. Qd2 Qa5 17. Kb1 Rc8 18. Rhf1 Rc5 {0-1 (60) Obregon,C (2532)-Henriquez Villagra,C (2478) Asuncion 2015}) 12... Qb6 $11 13. Qd2 {White has an edge.} Bd7 14. Bc4 {[%cal Rf5e6]} Bf8 {[#] ...Bh6 is the strong threat.} 15. Kb1 {[%cal Rf5e6]} Qxd4 16. Qxd4 Nxd4 17. Rxd4 h4 18. Rf1 Rg8 19. Rd2 Rc8 20. Bb3 Ke7 21. Rfd1 Rc6 22. Re2 Rc5 23. Red2 Kd8 24. Rf1 Ke7 25. Rfd1 Rc6 26. Re2 $1 {Threatens to win with Nd5+!} Rc7 27. Rd3 Bh6 28. Rh3 Rg4 29. a3 Bf4 30. g3 Be5 {[%cal Rh4g3]} 31. gxh4 Rc8 32. Ka2 ({White should play} 32. h5) 32... Rh8 $17 33. h5 {[#]} Rh6 $1 34. Nd1 Rg5 35. Ne3 Rgxh5 36. Rxh5 Rxh5 37. Ng4 (37. Nf1 $142) 37... exf5 $19 38. Nxe5 $2 (38. exf5 {keeps fighting.} Bxf5 39. Ne3) 38... fxe5 {Black is clearly winning.} (38... dxe5 $2 39. exf5 Bxf5 40. a4 $19) 39. exf5 Bxf5 {[%mdl 4096] Endgame KRB-KRB} 40. Kb1 Be6 41. c4 b5 42. cxb5 Bxb3 43. bxa6 {KRB-KR} Bc4 44. a7 Rh8 ({Worse is} 44... Bxe2 45. a8=Q $11) 45. Re3 Ra8 46. Rc3 Bd5 47. h4 Rxa7 48. h5 Ra8 49. b4 Rh8 50. Rh3 f5 51. Rh1 {Precision: White = 39%, Black = 76%.} 0-1

[Event "FIDE Zone 3.4 Women-ch 2017"]
[Site "Tashkent"]
[Date "2017.06.20"]
[Round "5.4"]
[White "Hotami Mutriba"]
[Black "Geldiyeva Mahri"]
[Result "0-1"]
[WhiteElo "1794"]
[BlackElo "2151"]
[Annotator "TA"]
[PlyCount "104"]
[EventDate "2017.??.??"]
[EventType "tourn"]
[EventCountry "UZB"]
[SourceTitle "playchess.com"]
[Source "ChessBase"]
[SourceQuality "1"]

{[%evp 10,104,53,62,104,70,94,79,137,133,137,130,171,147,168,70,97,102,110,43,34,19,56,-33,-20,-25,30,-21,43,-7,15,0,7,8,14,-37,-58,-67,-66,-69,-78,-186,-171,-181,-176,-168,-156,-152,-139,-198,-196,-205,-180,-159,-172,-192,-122,-112,-70,-74,-70,-174,-92,-118,-118,-159,-94,-104,-122,-111,-55,-49,-41,-62,-62,-63,-28,-65,-68,-59,-57,-137,-136,-176,-175,-182,-181,-359,-350,-351,-364,-357,-352,-323,-312,-329,-322]} 1. e4 Nf6 2. e5 Nd5 3. d4 d6 4. Nf3 Bf5 5. Bd3 Bxd3 6. Qxd3 {LiveBook: 6 Games} c6 {B04: Alekhine's Defence: 4 Nf3} (6... Nc6 7. Qb3 e6 8. exd6 Qxd6 9. O-O O-O-O 10. Rd1 Nf4 11. Nc3 g5 12. Bxf4 Qxf4 13. d5 Nb4 14. dxe6 {1-0 (22) So,W (2577)-Dzhumaev,M (2549) Vung Tau 2008}) 7. O-O e6 8. c4 Ne7 $146 ({Better is} 8... Nc7) ({Predecessor:} 8... Nc7 9. Bg5 Be7 10. exd6 Qxd6 11. Nc3 Bxg5 12. Nxg5 Nd7 13. Nce4 Qe7 14. c5 {1-0 (23) De Leon Justo,A (2055)-Sevillano Garcia,J (2132) Ortigueira 2004}) 9. exd6 $16 Qxd6 10. Nc3 Nd7 11. Rd1 Nf6 12. Ne4 (12. Bg5 $18) 12... Qc7 13. b4 Ng6 14. Rb1 (14. d5 $16) 14... Be7 $14 15. Bg5 O-O 16. b5 (16. Nxf6+ $14 gxf6 17. Bd2) 16... cxb5 17. Rxb5 Rac8 (17... Nxe4 $142 18. Qxe4 Qxc4 19. Rxb7 Bxg5 20. Nxg5 Qxa2) 18. Rc1 (18. Nxf6+ $142 gxf6 19. Bh6) 18... Rfd8 ({Black should play} 18... Nxe4 $11 19. Qxe4 Bxg5 20. Rxg5 (20. Nxg5 b6 $11) 20... Rfd8) 19. h4 b6 20. a4 Nxe4 21. Qxe4 Bxg5 22. Rxg5 (22. hxg5 $11 Ne7 23. c5) 22... Qf4 $15 23. Qxf4 Nxf4 24. Rc2 f5 25. h5 (25. Kh2 $17 {might work better.}) 25... h6 $36 {[%mdl 2048] Black is really pushing.} 26. Rg3 Nxh5 27. Rh3 Nf6 28. Kf1 {[#]} Nd5 $1 {[%mdl 512]} 29. Rh1 (29. Rh4 $17) (29. cxd5 Rxc2) 29... Nb4 30. Rc1 Nc6 31. Rh4 Na5 32. Ne5 Rc7 (32... Nb3 $19 33. Rd1 Rc5 $1 {[%mdl 512]}) 33. Ke2 $17 Nb7 34. Ke3 Nd6 35. c5 (35. f4 $15) 35... Ne4 (35... Nf7 $19 36. a5 Nxe5 37. axb6 axb6 38. dxe5 Rd5) 36. f3 Nf6 37. Rhh1 {[#]} Rdc8 ({Black should try} 37... f4+ $1 {[%mdl 512]} 38. Kxf4 Rxd4+ 39. Kg3 bxc5) 38. Nd3 Nd7 {[%cal Rb6c5]} 39. cxb6 Rxc1 (39... axb6 $17 40. Rxc7 Rxc7) 40. b7 $1 $15 R1c7 ({But not} 40... f4+ 41. Ke4 $11) 41. bxc8=Q+ Rxc8 {[%mdl 4096] Endgame KRN-KRN} 42. Rb1 Rc7 43. a5 Kf7 44. Rb5 Ke7 45. Nf4 (45. Nc5 $15) 45... Rc3+ $17 46. Ke2 Ra3 47. Ng6+ Kd6 48. Ne5 $2 (48. g3) 48... Nxe5 $19 49. Rxe5 Ra2+ 50. Kf1 a6 51. Rc5 Ra4 52. Rc8 Rxa5 {Precision: White = 34%, Black = 48%.} ({Weaker is} 52... Rxd4 53. Ra8 $17) 0-1

[Event "FIDE Zone 3.4 Women-ch 2017"]
[Site "Tashkent"]
[Date "2017.06.20"]
[Round "5.5"]
[White "Ovezdurdiyeva Jemal"]
[Black "Bauyrzhan Arnash"]
[Result "1/2-1/2"]
[WhiteElo "2022"]
[BlackElo "1987"]
[Annotator "NA RC"]
[PlyCount "114"]
[EventDate "2017.??.??"]
[EventType "tourn"]
[EventCountry "UZB"]
[SourceTitle "playchess.com"]
[Source "ChessBase"]
[SourceQuality "1"]
[TimeControl "40/5400+30:1800+30"]

1. d4 Nf6 2. c4 e6 3. Nc3 Bb4 4. e3 b6 5. Nge2 Ba6 6. a3 Bxc3+ 7. Nxc3 d5 8. Qf3 c6 9. b3 O-O 10. Be2 Nbd7 11. Bb2 Rc8 12. O-O Re8 13. Rfd1 h6 14. Rac1 Nf8 15. e4 dxe4 16. Nxe4 Nxe4 17. Qxe4 Ng6 18. Rc3 e5 19. dxe5 Qxd1+ 20. Bxd1 Rxe5 21. Qxe5 Nxe5 22. Rg3 Rd8 23. Bh5 Ng6 24. h4 Rd2 25. Bc3 Rc2 26. Bxg6 fxg6 27. Be5 Kh7 28. Bb8 b5 29. cxb5 cxb5 30. Bxa7 Rc1+ 31. Kh2 Ra1 32. Bc5 Rc1 33. Bb4 Rc2 34. Rf3 Bb7 35. Rf8 Bd5 36. a4 bxa4 37. bxa4 Rc4 38. Rb8 Rxh4+ 39. Kg3 Rc4 40. a5 Rc7 41. Bd2 h5 42. Be3 Rc4 43. a6 Rg4+ 44. Kh3 Bxg2+ 45. Kh2 Be4 46. Rf8 Rh4+ 47. Kg3 Rg4+ 48. Kh3 Bd5 49. a7 g5 50. f3 Ra4 51. Kg3 Kg6 52. Rd8 h4+ 53. Kg2 Ra2+ 54. Bf2 Bb7 55. Rb8 Bd5 56. Rd8 Bb7 57. Rb8 Bd5 1/2-1/2